Spell the Marvel Villain #6 - Statistics

General Stats
  • This quiz has been taken 18 times
  • The average score is 5 of 7
Answer Stats
Picture Answer % Correct
Lizard
94%
Spot
94%
Unicorn
69%
Attuma
63%
Wendigo
56%
Walrus
50%
Regent
25%
No matching quizzes found
Score Distribution
Percent of People with Each Score
Percentile by Number Answered
Your Score History
You have not taken this quiz